000 00556nam a2200193Ia 4500
003 LK-CoDNM
005 20240228135224.0
008 010623t1898 xxu||||| |||| 00| 1 sin d
040 _aLK-CoDNM
_dLK-CoDNM
_eLK-CoDNM
041 _asin
080 _a104 W32
100 _aFernis,J
245 _aභයානක විනිශ්චය සහ පව්කාරයා
246 _aBhayaanaka Vinischaya saha Pavukaarayaa
260 _bShuddha Lusia
_aColombo
_c1898
300 _bDamaged
_a91p.,13 cm
700 _aSilva,M.Agusthinu
_eed.
942 _cBK
999 _c84698
_d84698